000 00375nam a2200169 i 4500
001 bg
100 1 _aDEMINET, Jarosław
245 0 _aSystem operacyjny MS-DOS /
_cJ. Deminet.
250 _aWyd.2.
260 _aWarszawa,
_c1991.
630 0 9 _aDOS
040 _cBPK
041 _apol
080 _a681.322.066
942 _cKS
008 s pl f |000 0 pol
999 _c4526
_d4526
856 _uhttp://koha.tu.koszalin.pl/cgi-bin/koha/opac-detail.pl?biblionumber=4526
_yKatalog online BPK